| 000 | 00506cam a2200181ua 4500 | ||
|---|---|---|---|
| 020 |
_a81 203 1276 7 _c175.00 |
||
| 041 |
_aeng _h |
||
| 082 |
_a004.6 _bJEF/MU |
||
| 100 | _aJeffcoate, Judith . | ||
| 245 |
_aMultimedia in practice :Technology and applications / _cJudith Jeffcoate. _hTextual Documents |
||
| 250 |
_a1 / _b. |
||
| 260 |
_aNew Delhi : _bPrentice Hall of India Pvt Ltd. , _c1955. |
||
| 300 | _a228 ; . | ||
| 365 | _a175.00 | ||
| 504 | _a | ||
| 942 | _cBK | ||
| 999 |
_c2327 _d2327 |
||